Olympique Lyonnais : les meilleurs buteurs - Statistiques

Statistiques générales
  • Ce quiz a été pris 584 fois
  • Le résultat moyen est 9 sur 20
Statistiques - réponses
Buts Réponse % Correct
129 LACAZETTE
97%
100 JUNINHO
84%
66 BENZEMA
77%
69 FEKIR
77%
82 LISANDRO
77%
94 ANDERSON
72%
95 GOMIS
71%
222 DI NALLO
70%
149 LACOMBE
69%
77 GOVOU
68%
133 CHIESA
34%
63 CAVEGLIA
14%
50 MAURICE
14%
94 COMBIN
8%
65 KABONGO
5%
76 GUY
4%
78 NIKOLIC
3%
67 RAMBERT
3%
92 SCHULTZ
3%
50 ORTS
0%
Aucun quiz correspondant
Distribution des résultats
% des personnes avec chaque résultat
Percentile par nombre de réponses
Votre historique - résultats
Vous n’avez pas pris ce quiz